000 01264nam a2200253Ia 4500
003 Ost
005 20260507075413.0
008 260507s9999||||xx |||||||||||||| ||und||
020 _a96283299579
040 _cfsecg
041 _aara
082 _a330
100 _aالحريري، محمد سرور
_eمؤلف
245 0 _aإدارة التسويق الدولي والعالمي المعاصر والحديث :
_bمدخل علمي متكامل /
_c محمد سرور الحريري
260 _aعمان:
_bدار الحامد للنشر والتوزيع,
_c2012
300 _a186 صفحة؛
_bإيضاحات ؛
_c24 سم
504 _aمراجع ص.181
520 _aمدخل إستراتيجي الى إدارة التسويق الدولي والعالمي المعاصر والحديث ، مدخل عام لادارة التسويق الدولي والعالمي ، إستراتيجيات التسويق الدولي والعالمي المعاصر والحديث ، الإستراتيجيات الحديثة في منظمات التسويق الدولية
653 _aأدارة المبيعات
653 _aالتسويق
653 _aالتسويق الدولي
653 _aالتسويق- منظمات دولية
942 _cكتاب
999 _c44429
_d44429